000 00782nam a2200241 4500
003 LK-CoMWRAF
005 20231115113603.0
008 230828b2004 |||||||| |||| 00| 0 eng d
020 _a9068328484
040 _aLK-CoMWRAF
_dLK-CoMWRAF
_eLK-CoMWRAF
041 _aeng
082 _a338.9
_bDEC
245 _aDecentralisation in Mali :
_bPutting policy into practice
260 _aAmsterdam:
_bRoyal Tropical Institute,
_c2004
300 _a78 p.
_bBibliography included
490 _aDecentralisation and local governance
_vBulletin 362
650 _aDECENTRALIZATION
700 _aHilhorst, Thea
_eills.
700 _aBaltisse, Gerard
_eed.
700 _aLubbock, Jean
_etrans.
856 _uhttps://www.kit.nl/wp-content/uploads/2018/08/611_sarahs_merge362.pdf
942 _cBK
999 _c3294
_d3294